• 首页
  • 本馆介绍
  • 公告通知
  • 最新文献
  • 馆藏检索
  • 电子资源
  • 读者导购
  • 参考咨询
  • 我的图书馆
  • 登录
  • 详细信息显示
  • 放入我的书架
  • 预约/预借图书
  • 作者相关作品
  • 分类相关作品
  • 丛书相关作品
  • 出版社相关作品

书目信息

  • 表格格式
  • 工作单格式
  • 卡片格式
题名:
建设项目社会评价研究
    
 
作者: 陈琳 , 谭建辉 编著
分册:  
出版信息: 北京   中国建筑工业出版社  2009.11
页数: 297页
开本: 26cm
丛书名:
单 册:
中图分类: F282
科图分类:
主题词: 基本建设项目--项目评价
电子资源:
ISBN: 978-7-112-11431-3
000 00922nam0 2200241 450
001 2359881276
005 20231211163832.49
010    @a978-7-112-11431-3@d38.00CNY
100    @a20091009d2009 em y0chiy50 ea
101 0  @achi
102    @aCN@b110000
105    @aak a 000yy
200 1  @a建设项目社会评价研究@Ajian she xiang mu she hui ping jia yan jiu@e理论与实践@f陈琳, 谭建辉编著
210    @a北京@c中国建筑工业出版社@d2009.11
215    @a297页@c图@d26cm
320    @a有书目 (第293-297页)
330    @a本书以建设项目社会评价为主线, 围绕涉及城市化进程中一系列重大社会问题的实际项目而展开研究。涉及社会评价的内容、程序、方法与指标体系, 征地、拆迁、城中村改造、城市基础设施项目建设、城市公共项目和公益性项目建设等。
606 0  @a基本建设项目@x项目评价
690    @aF282@v5
701  0 @a陈琳@Achen lin@4编著
701  0 @a谭建辉@Atan jian hui@4编著
801  0 @aCN@b湖北三新@c20091228
905    @aBZT@dF282@e14
    
    建设项目社会评价研究:理论与实践/陈琳, 谭建辉编著.-北京:中国建筑工业出版社,2009.11
    297页:图;26cm
    
    
    ISBN 978-7-112-11431-3:38.00CNY
    本书以建设项目社会评价为主线, 围绕涉及城市化进程中一系列重大社会问题的实际项目而展开研究。涉及社会评价的内容、程序、方法与指标体系, 征地、拆迁、城中村改造、城市基础设施项目建设、城市公共项目和公益性项目建设等。
●
相关链接 在五车中查询图书 在当当中查询图书 在豆瓣中查询图书


正题名:建设项目社会评价研究     索取号:F282/14         预约/预借

序号 登录号 条形码 馆藏地/架位号 状态 备注
1 2001590699   2001590699   辽三/辽宁北配(第三批)/2000/ [索取号:F282/14] 在馆    
2 2001590700   2001590700   辽三/辽宁北配(第三批)/2000/ [索取号:F282/14] 在馆    
3 2001590701   2001590701   辽三/辽宁北配(第三批)/2000/ [索取号:F282/14] 在馆    
4 2001590702   2001590702   辽三/辽宁北配(第三批)/2000/ [索取号:F282/14] 在馆    
5 2001590703   2001590703   辽三/辽宁北配(第三批)/2000/ [索取号:F282/14] 在馆    
6 2001590704   2001590704   辽三/辽宁北配(第三批)/2000/ [索取号:F282/14] 在馆    
7 2001590705   2001590705   辽三/辽宁北配(第三批)/2000/ [索取号:F282/14] 在馆    
8 2001590706   2001590706   辽三/辽宁北配(第三批)/2000/ [索取号:F282/14] 在馆    
9 2001590707   2001590707   辽三/辽宁北配(第三批)/2000/ [索取号:F282/14] 在馆    
10 2001590708   2001590708   辽三/辽宁北配(第三批)/2000/ [索取号:F282/14] 在馆    
11 2001590709   2001590709   辽三/辽宁北配(第三批)/2000/ [索取号:F282/14] 在馆    
12 2001590710   2001590710   辽三/辽宁北配(第三批)/2000/ [索取号:F282/14] 在馆    
13 2001590711   2001590711   辽三/辽宁北配(第三批)/2000/ [索取号:F282/14] 在馆    
14 2001590712   2001590712   辽三/辽宁北配(第三批)/2000/ [索取号:F282/14] 在馆    
15 2001590713   2001590713   辽三/辽宁北配(第三批)/2000/ [索取号:F282/14] 在馆    
16 2001590714   2001590714   辽三/辽宁北配(第三批)/2000/ [索取号:F282/14] 在馆    
17 2001590715   2001590715   辽三/辽宁北配(第三批)/2000/ [索取号:F282/14] 在馆    
18 2001590716   2001590716   辽三/辽宁北配(第三批)/2000/ [索取号:F282/14] 在馆    
19 2001590717   2001590717   辽三/辽宁北配(第三批)/2001/ [索取号:F282/14] 在馆    
20 2001590718   2001590718   辽三/辽宁北配(第三批)/2001/ [索取号:F282/14] 在馆    
21 2001590719   2001590719   辽三/辽宁北配(第三批)/2001/ [索取号:F282/14] 在馆    
22 2001590720   2001590720   辽三/辽宁北配(第三批)/2001/ [索取号:F282/14] 在馆    
23 2001590721   2001590721   辽三/辽宁北配(第三批)/2001/ [索取号:F282/14] 在馆    
24 2001590722   2001590722   辽三/辽宁北配(第三批)/2001/ [索取号:F282/14] 在馆    
25 2001590723   2001590723   辽三/辽宁北配(第三批)/2001/ [索取号:F282/14] 在馆    
26 2001590724   2001590724   辽三/辽宁北配(第三批)/2001/ [索取号:F282/14] 在馆    
27 2001590725   2001590725   辽三/辽宁北配(第三批)/2001/ [索取号:F282/14] 在馆    
28 2001590726   2001590726   辽三/辽宁北配(第三批)/2001/ [索取号:F282/14] 在馆    
29 2001590727   2001590727   辽三/辽宁北配(第三批)/2001/ [索取号:F282/14] 在馆    
30 2001590728   2001590728   辽三/辽宁北配(第三批)/2001/ [索取号:F282/14] 在馆    
山东省滨州职业学院图书馆 欢迎您!
大连网信软件有限公司© 版权所有